[Event "Tata Steel-A 73rd"]
[Site "Wijk aan Zee"]
[Date "2011.01.29"]
[Round "12"]
[White "Carlsen, Magnus"]
[Black "Wang, Hao"]
[Result "1-0"]
[WhiteElo "2814"]
[BlackElo "2731"]
[Annotator "Postny,Evgeny"]
[PlyCount "57"]
[EventDate "2011.01.14"]
[EventType "tourn"]
[EventRounds "13"]
[EventCountry "NED"]
[EventCategory "20"]
[SourceTitle "CBM 141"]
[Source "ChessBase"]
[SourceDate "2011.03.17"]
[SourceVersion "1"]
[SourceVersionDate "2011.03.17"]
[SourceQuality "1"]

1. e4 c6 2. d4 d5 3. e5 Bf5 4. Be3 e6 5. Nd2 Nd7 6. Ngf3 Bg6 7. Be2 Ne7 {I know that some of the Caro-Kann specialists prefer to develop the knight on h6, with little concern about spoiling the pawn structure. Perhaps, it's a matter of taste, but, in practice Black achieve results superior to the move in the text. Here is the latest example:} (7... Nh6 8. O-O Be7 9. Bxh6 gxh6 10. Nb3 O-O 11. Qd2 Kg7 12. c3 f6 13. Qe3 Qc7 14. c4 Rae8 $132 {0-1 Edouard,R (2634)-Zhigalko,A (2566)/Moscow RUS 2011/The Week in Chess 850 (36)}) 8. Nh4 $1 {The best way to fight for an advantage.} c5 ({Black can also save his bishop by} 8... Nf5 9. Nxf5 Bxf5 10. g4 Bg6 11. h4 h6 12. h5 Bh7 {This position appeared in a couple of games. I believe that here Black's chances to equalise are higher than after the choice of Wang Hao.}) 9. c3 Nc6 10. Nxg6 hxg6 11. Nf3 ({Another possible idea for White is} 11. a3 Rc8 (11... a5 12. a4 $14 {[%csl Yb5]}) 12. b4 cxd4 13. cxd4 {gaining space on the queenside.}) 11... Rc8 $146 {This standard move can't be so bad, but, I believe that Black's play should be more concrete.} (11... Be7 12. O-O O-O 13. Bd3 Qb6 14. Qe2 Rfc8 15. h4 cxd4 16. cxd4 Nb4 17. Bb1 Qa6 18. Qd1 $1 $14 {1-0 Svidler,P (2735)-Macieja,B (2613)/Germany 2004/EXT 2005 (61)}) (11... cxd4 12. cxd4 Qa5+ 13. Kf1 {This is just a temporary inconvenience for the king. After g2-g3 he will find a safe shelter on g2. Later on White will start the plan that was realized in current game. The evaluation clearly favours White.}) (11... Qb6 $1 {If Black wants to continue to play this line, he has to be more active.} 12. O-O $5 (12. Qc2 cxd4 13. cxd4 Qa5+ 14. Kf1 Rc8 $132 {The queen on c2 is vulnerable.}) 12... Qxb2 {Risky, but principled.} 13. Rb1 Qxc3 $2 (13... Qxa2 14. Rxb7 {White's compensation is obvious, but the objective evaluation is unclear to me. This position is worth being checked in practice. Here is a sample line:} c4 {It is recommended for Black to close the centre.} 15. Ng5 Nd8 16. Bg4 $5 {A very interesting rook sacrifice.} (16. Rb1 Be7 17. Bg4 $44) 16... Nxb7 17. Qf3 f5 (17... Nf6 18. exf6 Nd8 19. Re1 $1 $44) 18. Nxe6 Rc8 19. Bxf5 gxf5 20. Qxf5 Nb6 21. Bg5 Be7 22. Nxg7+ Kd8 {White has a perpetual check, but not more than that.}) 14. Rxb7 cxd4 (14... c4 15. Rc7 $18 {[%csl Rc6,Rd7][%cal Gd1a4] Black's knight doesn't have a good square in view of the threat d1-a4.}) 15. Bd2 Qa3 16. Bb5 Rc8 17. Qb1 $1 Be7 18. Rc1 $18) ({RR} 11... Qb6 12. O-O cxd4 13. cxd4 Be7 14. Rb1 a5 15. g3 Rc8 16. h4 Ndb8 17. a3 Na6 18. Kg2 Nc7 19. Qa4 Kd7 20. Rfc1 Qa7 21. Rc3 Rb8 22. Rbc1 Qb6 23. Rb3 Qa7 24. Rbc3 Qb6 25. Rb3 Qa7 26. Rbc3 {Xu,Y (2360)-Vogel,R (2401) Gyor 2014 ½-½}) ({RR} 11... cxd4 12. cxd4 Bb4+ 13. Kf1 Be7 14. g3 Qb6 15. Qc2 O-O-O 16. Kg2 Kb8 17. Rhb1 Rc8 18. Qd1 Qd8 19. Qd2 Qa5 20. Qd1 Qd8 21. a3 Nb6 22. b3 Ka8 23. Ne1 g5 24. Nd3 f5 25. f3 Qe8 26. Bg1 {Sabuk,P (2227)-Goluch,P (2124) Szklarska Poreba 2011 0-1 (59)}) 12. O-O a6 {This plan is obviously slow. On the other hand, it's very hard to suggest an alternative idea. Due to doubled pawns on the kingside, Black can, in no way, realise the ...f7-f6 advance.} 13. g3 Be7 14. h4 b5 (14... Qb6 15. Rb1 {and Black has no good way to develop his initiative on the queenside.}) 15. a4 $1 {It is useful for White to open the a-file.} Qb6 16. axb5 axb5 17. Kg2 c4 {It should be noted, that castling is unsatisfactory for Black at any moment. In such a case White simply plays h1 followed by h4-h5 with an irresistible attack.} 18. Ng5 Qd8 19. Bg4 {Now some sacrifices on e6 or f7 are in the offing, therefore, Black's next more is practically forced.} Bxg5 20. Bxg5 Qc7 21. Rh1 {White's plan is incredibly prosaic, and there is nothing Black can do about it. His counterplay on the queenside is way too slow.} Nb6 22. h5 {Black is lost, where did he go that astray? I guess, the whole conception was wrong and the plan on the queenside too slow as well.} gxh5 23. Bxh5 Na4 {This allows a spectacular finish, but the position is lost anyway.} (23... g6 24. Bg4 {is not a relief for Black. Either the penetration along the h-line, or the manouevre d1-f3-f6 will be decisive.}) (23... Rf8 24. Qc2 g6 (24... Kd7 25. Qh7 $18) 25. Bg4 Ne7 26. Rh7 Nf5 {and here White has several winning ideas,} 27. Qc1 Qb7 28. Bd1 $18 {followed by c1-f4 and g3-g4 is just one good example.}) {[%tqu "En","Find the forced win for White.","","","h5f7","",10]} 24. Bxf7+ $1 Kxf7 25. Qf3+ Kg8 (25... Kg6 26. Bf6 $1 $18 {[%cal Rf3g4]}) 26. Rxh8+ Kxh8 27. Rh1+ Kg8 28. Qh5 Rf8 (28... Ne7 29. Bxe7 Qxe7 30. Qh8+ Kf7 31. Qxc8 $18) 29. Bf6 $1 (29. Bf6 Qd7 30. Qg6 $1 $18 {[%cal Rh1h7]}) 1-0

[Event "Bazna Kings 5th"]
[Site "Medias"]
[Date "2011.06.12"]
[Round "2"]
[White "Ivanchuk, Vassily"]
[Black "Carlsen, Magnus"]
[Result "1/2-1/2"]
[WhiteElo "2776"]
[BlackElo "2815"]
[Annotator "Rogozenco,Dorian"]
[PlyCount "65"]
[EventDate "2011.06.11"]
[EventType "tourn"]
[EventRounds "10"]
[EventCountry "ROU"]
[EventCategory "21"]
[SourceTitle "CBM 143"]
[Source "ChessBase"]
[SourceDate "2011.07.15"]
[SourceVersion "1"]
[SourceVersionDate "2011.07.15"]
[SourceQuality "1"]

1. e4 e5 2. Nf3 Nc6 3. Bb5 Nf6 4. d3 (4. O-O Nxe4 5. d4 Nd6 6. Bxc6 dxc6 7. dxe5 Nf5 8. Qxd8+ Kxd8 {leads to the Berlin Defence, with a lot of games on the highest level. In spite of White's efforts, in recent years this opening variation has proved to be very solid for Black.}) 4... d6 5. O-O Be7 6. Re1 O-O 7. c3 a6 8. Ba4 b5 9. Bc2 d5 10. Nbd2 ({Black should worry neither about} 10. d4 Nxe4 11. Nxe5 Nxe5 12. dxe5 f5) ({nor} 10. exd5 Qxd5) 10... dxe4 11. dxe4 Be6 {The structure is almost similar and there are few fighting resources. Ivanchuk goes for an interesting plan to exchange the light-squared bishops.} 12. Bb3 {[%csl Gc1,Re7] White's long-term idea is to prove the superiority of his dark-squared bishop. But with accurate play Carlsen has no difficulties neutralising it.} ({RR} 12. h3 Bc5 13. a4 Ba7 14. Nf1 h6 15. Ne3 Qd6 16. Qe2 Bxe3 17. Bxe3 Bc4 18. Qd2 Rfd8 19. b4 Qe6 20. Qc1 a5 21. bxa5 bxa4 22. Rxa4 Bb5 23. Ra3 Rxa5 24. Rxa5 Nxa5 25. Qa3 Nc4 26. Qc5 c6 {Karjakin,S (2763)-Aronian,L (2802) Moscow 2011 ½-½ (38)}) ({RR} 12. Qe2 Rb8 13. Rd1 Qc8 14. Nf1 Bc4 15. Qe1 Rd8 16. Ne3 Rxd1 17. Qxd1 Be6 18. Ng5 Bd7 19. Nd5 h6 20. Nf3 Qd8 21. h3 Bd6 22. Be3 Nxd5 23. Qxd5 Na5 24. b3 Qf6 25. Qd1 Rd8 26. Qe2 Nb7 {Fecker,N (2394)-Cereda,L (2311) Switzerland SUI 2024 ½-½ (31)}) ({RR} 12. a4 b4 13. Qe2 Qc8 14. Nc4 Nd7 15. Ng5 Bxg5 16. Bxg5 Nb6 17. Nd2 bxc3 18. bxc3 Na5 19. Be3 Qd7 20. f4 f6 21. f5 Bf7 22. g4 Qc6 23. g5 Kh8 24. Bd3 Rfd8 25. Bxa6 Rxa6 26. Qxa6 Nac4 {Kamsky,G (2741)-Ivanchuk,V (2768) Ningbo 2011 ½-½ (67)}) 12... Bxb3 ({Carlsen felt that} 12... Qd7 13. Bxe6 Qxe6 14. Qb3 Qxb3 15. Nxb3 {might be better for White.}) 13. axb3 Qd3 14. b4 $146 {An important move in White's plan: to free the square b3 for the knight and blockade the weakness on a6. But Black has some pressure in the centre and a lead in development, which will allow him to play at some moment a6-a5.} ({RR} 14. Qe2 Qxe2 15. Rxe2 Rfd8 16. Re1 Nd7 17. b4 a5 18. bxa5 Rxa5 19. Rb1 Ra2 20. Nb3 Nb6 21. Kf1 Na4 22. h3 f6 23. Re2 b4 24. c4 Rd3 25. Re3 Rxe3 26. fxe3 Nd8 27. Ne1 Nb7 28. Nd3 Kf7 {Maslak,K (2566)-Matlakov,M (2668) St Petersburg 2012 0-1 (31)}) ({RR} 14. Re3 Qd6 15. Ne1 Qe6 16. Rd3 a5 17. Qe2 Bc5 18. h3 Ne7 19. Rg3 c6 20. Nd3 Bb6 21. Nf3 Ng6 22. Be3 Bxe3 23. Qxe3 Qxb3 24. Nfxe5 Rfe8 25. Nxg6 hxg6 26. e5 Nd7 27. h4 Qd5 28. Re1 c5 {Mista,A (2589)-Mihok,O (2515) Germany 2015 1-0 (49)}) 14... Rfd8 15. Qb3 Qd7 ({As pointed out by Magnus, his original intention} 15... Nd7 {runs into the strong} 16. Qd5 {when the only move is the somewhat ugly-looking retreat.} Ndb8 {Then after} 17. Qxd3 Rxd3 18. Kf1 {White can claim an edge in the endgame.}) 16. Qc2 Qe6 17. Qb3 (17. Nb3 {is answered by} Qc4 {(threatening to take on b4 with the knight)} 18. Nfd2 (18. Re2 $2 {allows a lovely combination:} Nxb4 $1 19. cxb4 Qxc2 20. Rxc2 Rd1+ 21. Ne1 Rxe1#) 18... Qe6 19. Nf1 Qc4 {and White is getting nowhere.}) 17... Qd7 18. Qc2 Qe6 {By playing 19.b3 Ivanchuk could repeat the position and make a quicker draw, but he keeps on playing. However, the position is just equal.} 19. h3 a5 20. bxa5 Rxa5 21. Rxa5 Nxa5 22. b4 Nb7 23. Qb3 Qxb3 24. Nxb3 Nd7 25. Be3 Nd6 (25... Ra8 $11) 26. Nfd2 (26. Na5 Nxe4 27. Nc6 Re8 28. Bd4 exd4 29. Rxe4 {doesn't work in view of} dxc3 $1 {(Ivanchuk) .}) 26... Ra8 27. Kf1 f6 28. Ke2 Kf7 29. Kd3 Ke6 30. f3 Ra2 31. Ra1 Rxa1 32. Nxa1 Nb7 33. Nab3 1/2-1/2

[Event "Bazna Kings 5th"]
[Site "Medias"]
[Date "2011.06.17"]
[Round "6"]
[White "Nakamura, Hikaru"]
[Black "Carlsen, Magnus"]
[Result "1/2-1/2"]
[WhiteElo "2774"]
[BlackElo "2815"]
[Annotator "Rogozenco,Dorian"]
[PlyCount "67"]
[EventDate "2011.06.11"]
[EventType "tourn"]
[EventRounds "10"]
[EventCountry "ROU"]
[EventCategory "21"]
[SourceTitle "CBM 143"]
[Source "ChessBase"]
[SourceDate "2011.07.15"]
[SourceVersion "1"]
[SourceVersionDate "2011.07.15"]
[SourceQuality "1"]

1. e4 {ChessBase} e5 2. Nf3 Nc6 3. Bb5 a6 4. Ba4 Nf6 5. O-O Be7 6. Re1 b5 7. Bb3 O-O 8. c3 d6 9. h3 Nb8 {The knight goes to d7 freeing the path for the c-pawn.} 10. d4 Nbd7 {With plenty of strategical ideas for both sides the Breyer Variation of the Ruy Lopez is a classical opening line, which Magnus Carlsen had played many times before.} 11. c4 {Nakamura certainly relied on the surprise factor of this move.} ({In the vast majority of games White plays here} 11. Nbd2) 11... c6 12. Nc3 {"I was very happy when I saw this move, as now I can conveniently close the position", said Carlsen after the game.} (12. a3 {would have kept somewhat more tension in the position.}) 12... b4 13. Na4 c5 14. d5 {In this close position the main battlefield is going to be the kingside.} Re8 $5 {[%csl Ra4,Rf4][%cal Gd7f8,Gf8g6] A somewhat unexpected move in such positions. Usually in this structure Black is trying to prepare ...f7-f5 and therefore he needs the rook on f8 for that. However, Carlsen had another plan in mind - he wanted to transfer the knight to g6.} 15. Bc2 Nf8 16. a3 ({RR} 16. b3 Ng6 17. Nb2 Bd7 18. a3 {½-½ (21) Fedorov,A (2572)-Nasuta,G (2491) Suwalki 2018}) 16... a5 17. b3 {The knight from a4 is coming to d3.} Ng6 18. Nb2 Bd7 {[%cal Gb2d3,Gf3h2,Yh2g4,Yh2f1]} 19. Nh2 {Now Nakamura improves the position of the other knight.} ({RR} 19. Be3 h6 20. Ra2 Nh7 21. Qd2 Ng5 22. Nxg5 Bxg5 23. axb4 Bxe3 24. Qxe3 axb4 25. Rea1 Rxa2 26. Rxa2 Nf4 27. Nd3 Qg5 28. Nxf4 exf4 29. Qd3 Qe5 30. Qd1 Kf8 31. Kf1 Bc8 32. f3 Qg5 33. Qa1 Qg3 {Vallejo Pons,F (2684)-Carlsen,M (2850) Berlin 2015 CBM 168 Extra [ChessBase] 0-1 (48)}) 19... h6 {And Carlsen is doing the same - the knight from f6 needs a square in order to prepare the favourable (for Black) exchange of the dark-squared bishops via g5.} 20. Nf1 Nh7 21. Ne3 Bg5 $146 22. axb4 axb4 23. Rxa8 Qxa8 24. Nf5 Bxc1 25. Qxc1 Bxf5 {Continuing to exchanges pieces. Black wasn't obliged to hurry and could keep a comfortable position with 25...a6 - a move which Magnus, as he admitted, would have normally played, had he not been feeling tired.} 26. exf5 Ngf8 {Already around here Carlsen saw the possible repetition of moves and he just went for it without second thought.} 27. Nd1 Nf6 28. f3 Qa2 29. g4 Ra8 30. Nf2 Qa3 {White cannot really avoid the repetition. At this moment both sides must have been happy with the outcome.} 31. Qb1 (31. Qd2 {allows Black to improve with} Qb2) ({while the only reasonable attempt} 31. h4 {can bring White nothing but troubles in the resulting endgame mentioned by Carlsen:} Qxc1 32. Rxc1 g5 33. fxg6 Nxg6 34. Bxg6 fxg6 35. g5 hxg5 36. hxg5 Nh5 37. Ne4 Ra6 {and with his rook on the open file only Black can play for a win.}) 31... Qa2 32. Qc1 Qa3 33. Qb1 Qa2 34. Qc1 1/2-1/2

[Event "Bazna Kings 5th"]
[Site "Medias"]
[Date "2011.06.20"]
[Round "9"]
[White "Nisipeanu, Liviu Dieter"]
[Black "Carlsen, Magnus"]
[Result "1/2-1/2"]
[WhiteElo "2659"]
[BlackElo "2815"]
[Annotator "Rogozenco,Dorian"]
[PlyCount "63"]
[EventDate "2011.06.11"]
[EventType "tourn"]
[EventRounds "10"]
[EventCountry "ROU"]
[EventCategory "21"]
[SourceTitle "CBM 143"]
[Source "ChessBase"]
[SourceDate "2011.07.15"]
[SourceVersion "1"]
[SourceVersionDate "2011.07.15"]
[SourceQuality "1"]

1. e4 e5 2. Nf3 Nc6 3. Bb5 a6 4. Ba4 Nf6 5. O-O Be7 6. Re1 b5 7. Bb3 d6 8. c3 O-O 9. h3 Nb8 10. d4 Nbd7 11. Nbd2 {In the 6th round Nakamura played 11.c4 here against Carlsen. Nisipeanu chooses the main move.} Bb7 12. Bc2 Re8 13. a4 Bf8 14. Bd3 c6 15. b3 g6 16. Bb2 (16. Ba3 $5) 16... exd4 {A rare continuation, which was quite unexpected for Nisipeanu.} ({Instead, one of the main moves is} 16... Nh5 {Here is a game played by Viorel Iordachescu, who was Nisipeanu's second at the Kings' Tournament:} 17. Qc2 Nf4 18. Bf1 Bg7 19. Rad1 Qb6 20. b4 d5 {with complications that led later to a draw in Iordachescu, V (2640)-Avrukh,B (2601)/Mulhouse 2011.}) ({RR} 16... Nh5 17. Bf1 Qb6 18. Qc2 exd4 19. cxd4 d5 20. a5 Qd8 21. e5 Rc8 22. Bc3 c5 23. dxc5 Nxc5 24. Qb2 Nf4 25. Re3 Ne4 26. Bd4 Bb4 27. Bb6 Qe7 28. g3 Ne6 29. Rd1 Bc3 30. Qb1 Nxd2 31. Nxd2 {Ponomariov,R (2718)-Kamsky,G (2723) Moscow 2008 ½-½ (72)}) ({RR} 16... Bg7 17. Qc2 Qc7 18. c4 bxa4 19. bxa4 exd4 20. Bxd4 Nh5 21. Bxg7 Nxg7 22. Qc3 Ne6 23. Bc2 Ne5 24. Rab1 Rab8 25. Nxe5 dxe5 26. c5 Nd4 27. Nc4 Bc8 28. Rxb8 Qxb8 29. Nd6 Rd8 30. Kh1 Be6 31. Rb1 {Suyarov,M (2482)-Cano Alcaraz,J (2111) Lima PER 2025 1-0 (33)}) ({RR} 16... Bg7 17. Qc2 Rc8 18. Rad1 Qc7 19. Qb1 Rcd8 20. Qa1 Nh5 21. Bf1 Nf4 22. c4 b4 23. c5 d5 24. Nxe5 Nxe5 25. dxe5 Bxe5 26. Bxe5 Rxe5 27. Nf3 Ree8 28. Qf6 Ne6 29. exd5 cxd5 30. Ne5 Nxc5 31. Rc1 {Nisipeanu,L (2659)-Sanikidze,T (2524) Konya 2011 1-0 (38)}) 17. cxd4 d5 18. Ne5 $146 {This new move is the result of 20 minutes of thought.} ({In the previous games White always advanced the e-pawn:} 18. e5 Nh5 {"with a normal position for Black" (Carlsen)}) ({RR} 18. axb5 axb5 19. Rxa8 Bxa8 20. e5 Nh5 21. Qc2 Nf4 22. Bf1 Qb6 23. g3 Ne6 24. Qd3 Bb7 25. h4 Ra8 26. Ng5 Nxg5 27. hxg5 Ra2 28. e6 fxe6 29. Bh3 Qd8 30. Bxe6+ Kh8 31. Qb1 Ra8 32. Nf3 Bg7 {Madl,I (2405)-Kashlinskaya,A (2360) Paks 2011 1-0 (60)}) ({RR} 18. e5 Nh5 19. Nf1 Nf4 20. Ne3 b4 21. Bc2 a5 22. Qd2 Bh6 23. Qd1 Bg7 24. Qd2 Ne6 25. Ng4 Qe7 26. Rad1 Qf8 27. Ng5 Nxg5 28. Qxg5 f6 29. exf6 Nxf6 30. Ne5 Rad8 31. Qh4 Nh5 32. Bxg6 hxg6 {Alekseev,E (2613)-Sasikiran,K (2679) Skanderborg 2003 1-0 (75)}) 18... Bb4 {Still played a tempo by Carlsen.} (18... Nxe5 19. dxe5 {looks risky for Black, even if the consequences of} dxe4 {are not entirely clear.}) 19. Nxd7 Qxd7 20. e5 Nh5 {[%csl Rc5,Rf4] White has several attractive ideas. He would be happy to exchange the dark-squared bishops in order to exploit the weak square c5, but that is not easy to achieve.} 21. Bf1 ({The main alternatives were} 21. Ba3 Bc3 (21... Nf4 $5) 22. Rc1 ({The exchange sacrifice is probably not enough:} 22. Bc5 Bxa1 23. Qxa1 Nf4 24. Bf1 Ne6 25. Bd6 a5 {with the idea a6}) 22... Bxd4 23. Nf3 Bb6 24. Qd2 {with positional compensation for the sacrificed pawn.}) (21. Qc2 Nf4 22. Bc3 c5 $5) 21... Nf4 22. Re3 c5 {Magnus Carlsen felt that Black should quickly start counterplay in the centre in order to prevent White's plan with f3-h2-g4.} ({In the event of} 22... Ne6 23. Nf3 c5 {White can ignore Black's intentions and continue} 24. Nh2 {and if} h5 {then} ({Better is probably} 24... c4 25. Ng4 Be7) 25. Rg3 {with good attacking prospects.}) 23. dxc5 (23. Nf3 {is already too slow:} c4 24. Nh2 h5 25. Rg3 Rac8 {with sufficient counterplay for Black.}) 23... d4 (23... Bxc5 $2 24. Ne4 Be7 25. Nd6 Bxd6 26. exd6 {looks terrible for Black due to the "monster-bishop" on b2.}) 24. Ne4 {The most natural move.} (24. Nf3 Bxc5) (24. Re4 {doesn't work:} Bxd2 $1 25. Rxd4 Nxh3+ 26. gxh3 Qc6 {and Black wins.}) 24... Bxe4 25. Rxe4 Ne6 26. Rxd4 {A good practical decision from Nisipeanu, since he saw no way to set any real problems for Black. After the exchange sac White is out of risk and the draw becomes the most likely result.} ({After} 26. Bxd4 Rad8 27. Be3 Qxd1 28. Rxd1 Rxd1 29. Rxb4 Nc7 {only White can be worse.}) (26. axb5 {brings White nothing either:} axb5 27. Rxa8 (27. Qd3 Rxa1 28. Bxa1 Rd8 29. Qxb5 Qxb5 30. Bxb5 d3 31. Bxd3 Rxd3 32. Rxb4 Rd1+ 33. Kh2 Rxa1 34. Rb8+ Kg7 35. b4 Re1 {is again risky rather for White}) 27... Rxa8 28. Qd3 Bxc5 29. Qxb5 Qxb5 30. Bxb5 Ra2 {with counterplay}) 26... Nxd4 27. Qxd4 Qxd4 28. Bxd4 Rad8 29. Be3 Rxe5 30. axb5 axb5 31. Rc1 {[%csl Gc5]} Rxe3 {Forcing the draw.} (31... Rc8 32. c6 Kf8 33. g3 {is also about equal: the strong extra pawn on c6 together with the bishop pair secure White good compensation for the exchange.}) 32. fxe3 ({After} 32. fxe3 Bd2 33. Rc2 Bxe3+ 34. Kh2 Rd5 {the draw becomes obvious.}) 1/2-1/2